Top 15 des jeux vidéos les plus jouer en 2024 - Statistiques

Statistiques générales
  • Ce quiz a été pris 593 fois
  • Le résultat moyen est 5 sur 15
Statistiques - réponses
Joueurs Jeux % Correct
300 Millions Fortnite
86%
96 Millions GTA ONLINE
84%
170 Millions Minecraft
72%
2.4 Millards Roblox
48%
96 Millions VALORANT
46%
360 Millions League of Legends
35%
144 Millions Warzone
27%
10 Millions FIFA24
23%
1 Milliards PUBG Mobile
21%
31 Millions Counter Strike
17%
5 Millions Zelda
14%
15 Millions Elden Ring
12%
96 Millions Apex Legends
10%
240 Millions Genshin Impact
6%
120 Millions Mobile Legends
1%
Aucun quiz correspondant
Distribution des résultats
% des personnes avec chaque résultat
Percentile par nombre de réponses
Votre historique - résultats
Vous n’avez pas pris ce quiz